Možnosti rozvoja spolupráce SR s rozvojovými krajinami z hľadiska postupujúcich integračných procesov dizertačná práca
Enregistré dans:
| Auteur principal: | |
|---|---|
| Collectivité auteur: | |
| Autres auteurs: | |
| Format: | Livre |
| Langue: | slovaque |
| Publié: |
Bratislava
2009
|
| Sujets: | |
| Tags: |
Pas de tags, Soyez le premier à ajouter un tag!
|
MARC
| LEADER | 00000nam$a2200000$$$4500 | ||
|---|---|---|---|
| 001 | 0105796 | ||
| 005 | 20230227090109.7 | ||
| 041 | 0 | |a slo | |
| 044 | |a SK | ||
| 245 | 1 | 0 | |a Možnosti rozvoja spolupráce SR s rozvojovými krajinami z hľadiska postupujúcich integračných procesov |b dizertačná práca |c Dušan Lacek ; škol. Viera Gavaľová |
| 264 | 1 | |a Bratislava |c 2009 | |
| 300 | |a 154 s. | ||
| 610 | 2 | 0 | |a spolupráca hospodárska medzinárodná |
| 610 | 2 | 0 | |a integrácia ekonomická medzinárodná |
| 610 | 2 | 0 | |a krajiny rozvojové |
| 610 | 2 | 0 | |a Slovensko |
| 100 | 1 | |a Lacek, Dušan | |
| 700 | 1 | |a Gavaľová, Viera | |
| 710 | 2 | |a Obchodná fakulta EU. Katedra medzinárodného obchodu | |